Age of vice / (Record no. 181292)

000 -LEADER
fixed length control field 00372nam a22001577a 4500
020 ## - INTERNATIONAL STANDARD BOOK NUMBER
ISBN 9789393986481
082 ## - DEWEY DECIMAL CLASSIFICATION NUMBER
Classification number 823
Item number DEE/A
100 ## - MAIN ENTRY--AUTHOR NAME
Personal name Deepti Kapoor
245 ## - TITLE STATEMENT
Title Age of vice /
Statement of responsibility, etc by Deepti Kapoor
260 ## - PUBLICATION, DISTRIBUTION, ETC. (IMPRINT)
Place of publication New Delhi:
Name of publisher Juggernaut,
Year of publication 2023.
300 ## - PHYSICAL DESCRIPTION
Number of Pages 549p.
650 ## - SUBJECT ADDED ENTRY--TOPICAL TERM
Topical Term English Novel
650 ## - SUBJECT ADDED ENTRY--TOPICAL TERM
Topical Term Literature English
650 ## - SUBJECT ADDED ENTRY--TOPICAL TERM
Topical Term Literature
942 ## - ADDED ENTRY ELEMENTS (KOHA)
Koha item type Book
Holdings
Withdrawn status Lost status Damaged status Not for loan Permanent Location Current Location Shelving location Date acquired Cost, normal purchase price Full call number Accession Number Price effective from Koha item type
        Sree Sankaracharya University of Sanskrit Sree Sankaracharya University of Sanskrit Stacks 24.04.2026 899.00 823 DEE/A 108221 24.04.2026 Book